| 000 | 00537nam a2200181Ia 4500 | ||
|---|---|---|---|
| 005 | 20250508152113.0 | ||
| 008 | 008 250505s9999 xx 000 0 eng d | ||
| 037 | _aTextBook | ||
| 040 |
_aFEDL _beng _cFEDL |
||
| 041 |
_aeng _2eng |
||
| 084 |
_a372.3, PRY _qFEDL |
||
| 100 |
_aPryde-Hughes J E _9760762 |
||
| 245 | 0 | _aChildren's book of achievement: Wonders of modern enterprise | |
| 260 |
_aLondon, UK _bCollins Clear-Type Press _c1955 |
||
| 300 | _aviii,288p. | ||
| 942 |
_cTB _h372.3, PRY |
||
| 999 |
_c1334267 _d1334267 |
||